1M Cities by Proximity - United States - Statistics

General Stats
  • This quiz has been taken 151,665 times
    53,733 since last reset
  • The average score is 56 of 66
Answers on the Map
Answers color-coded by a green-red scale on the quiz's map according to % correct below.
 
Answer Stats
Pop City % Correct
2.39 m Las Vegas
96%
18.3 m Los Angeles
96%
9.00 m San Francisco / San Jose
95%
1.33 m Fresno
95%
2.71 m Sacramento
95%
3.73 m Cleveland
93%
5.12 m Phoenix
93%
3.27 m San Diego
93%
1.04 m Allentown
92%
1.23 m Buffalo
92%
10.1 m Washington, D.C. / Baltimore
92%
1.32 m Harrisburg
92%
2.73 m Pittsburgh
92%
1.19 m Albany
91%
2.47 m Austin
91%
8.35 m Boston
91%
8.65 m Dallas
91%
2.67 m Hartford
91%
7.71 m Houston
91%
21.9 m New York City
91%
1.55 m Oklahoma City
91%
7.39 m Philadelphia
91%
2.37 m Raleigh
91%
1.14 m Rochester
91%
1.01 m Baton Rouge
90%
1.35 m Richmond
90%
2.79 m San Antonio
90%
1.87 m Virginia Beach
89%
2.31 m Cincinnati
88%
1.09 m Dayton
87%
2.65 m Columbus
86%
1.85 m Jacksonville
86%
1.49 m Louisville
86%
4.51 m Orlando
86%
3.34 m Tampa
86%
2.65 m Indianapolis
85%
3.29 m Portland
85%
4.99 m Seattle
85%
9.79 m Chicago
84%
5.36 m Detroit
83%
1.30 m Cape Coral / Naples
83%
1.15 m Sarasota / Bradenton
83%
1.50 m Grand Rapids
83%
1.38 m Memphis
83%
7.01 m Miami
83%
2.04 m Milwaukee
83%
2.35 m Nashville
83%
2.56 m Kansas City
80%
1.02 m Omaha
80%
2.90 m St. Louis
80%
1.17 m Tulsa
79%
1.08 m Columbia
78%
4.10 m Minneapolis
78%
1.74 m Greensboro
77%
1.21 m Knoxville
77%
1.34 m New Orleans
77%
2.81 m Salt Lake City
77%
7.22 m Atlanta
76%
3.39 m Charlotte
76%
1.59 m Greenville
76%
1.37 m Birmingham
74%
1.17 m Albuquerque
73%
1.00 m Chattanooga
72%
3.69 m Denver
72%
1.11 m Tucson
72%
1.10 m El Paso
62%
No matching quizzes found
Score Distribution
Percent of People with Each Score
Percentile by Number Answered
Your Score History
You have not taken this quiz since the last reset